История отечественного почвоведения (Запись № 701516)

Подробности
000 -МАРКЕР
контрольное поле 01541nam1a2200325 i 4500
001 - ИДЕНТИФИКАТОР ЗАПИСИ
контрольное поле RU\NLR\bibl\428233
005 - ИДЕНТИФИКАТОР ВЕРСИИ
контрольное поле 20260405061959.0
010 ## - МЕЖДУНАРОДНЫЙ СТАНДАРТНЫЙ НОМЕР КНИГИ (ISBN)
Номер (ISBN) 5-02-006449-1
035 ## - ДРУГИЕ СИСТЕМНЫЕ НОМЕРА
Идентификатор записи (NLR Aleph) 000422107
100 ## - ДАННЫЕ ОБЩЕЙ ОБРАБОТКИ
Данные общей обработки 20030813g20039999k y0rusy50 ca
101 0# - ЯЗЫК РЕСУРСА
Язык текста, звукозаписи и т.д. русский
Язык резюме английский
102 ## - СТРАНА ПУБЛИКАЦИИ ИЛИ ПРОИЗВОДСТВА
Страна публикации Российская Федерация
105 ## - ПОЛЕ КОДИРОВАННЫХ ДАННЫХ: ТЕКСТОВЫЕ МАТЕРИАЛЫ, МОНОГРАФИЧЕСКИЕ
Кодированные данные о монографическом текстовом документе ||||z |||||
200 1# - ЗАГЛАВИЕ И СВЕДЕНИЯ ОБ ОТВЕТСТВЕННОСТИ
Основное заглавие История отечественного почвоведения
Сведения, относящиеся к заглавию Развитие идей, дифференциация, институциализация
-- В 2 кн.
Первые сведения об ответственности И.В. Иванов
Последующие сведения об ответственности Рос. акад. наук, Ин-т физико-хим. и биол. проблем почвоведения, Докучаевское о-во почвоведов
210 ## - ПУБЛИКАЦИЯ, РАСПРОСТРАНЕНИЕ И ДР.
Место издания, распространения и т.д. М.
Имя издателя, распространителя и т. д. Наука
Дата издания, распространения и т.д. 2003
215 ## - ФИЗИЧЕСКАЯ ХАРАКТЕРИСТИКА
Размеры 22
300 ## - ОБЩИЕ ПРИМЕЧАНИЯ
Текст примечания Рез. на англ. яз.
463 #0 - УРОВЕНЬ ФИЗИЧЕСКОЙ ЕДИНИЦЫ
Встроенное поле 001421186
606 0# - НАИМЕНОВАНИЕ ТЕМЫ КАК ПРЕДМЕТ
Наименование темы Почвоведение
Тематический подзаголовок История
Географический подзаголовок Российская Федерация
Системный номер авторитетной/нормативной записи 2233666
Идентификатор авторитетной/нормативной записи RU\NLR\auth\661340603
606 0# - НАИМЕНОВАНИЕ ТЕМЫ КАК ПРЕДМЕТ
Наименование темы Почвоведение
Тематический подзаголовок История
Географический подзаголовок СССР
Системный номер авторитетной/нормативной записи 938931
Идентификатор авторитетной/нормативной записи RU\NLR\auth\6628381
606 0# - НАИМЕНОВАНИЕ ТЕМЫ КАК ПРЕДМЕТ
Наименование темы Почвоведение
Тематический подзаголовок История
Географический подзаголовок Россия
Системный номер авторитетной/нормативной записи 2211563
Идентификатор авторитетной/нормативной записи RU\NLR\auth\661328504
686 ## - ИНДЕКСЫ ДРУГИХ КЛАССИФИКАЦИЙ
Индекс П03г(2)
700 #1 - ИМЯ ЛИЦА - ПЕРВИЧНАЯ ОТВЕТСТВЕННОСТЬ
Код отношения Автор
Материалы, к которым относится поле rus
Графика поля Кириллица
Начальный элемент ввода Иванов
Часть имени, кроме начального элемента ввода И.В.
Дополнения к именам, кроме дат почвовед
Даты 1937-2021
Расширение инициалов личного имени Игорь Васильевич
Идентификатор авторитетной/нормативной записи RU\NLR\AUTH\7720851
Системный номер авторитетной/нормативной записи 3917
801 #0 - ИСТОЧНИК ЗАПИСИ
Страна Российская Федерация
Организация NLR
Дата составления 20030813
Правила каталогизации PSBO
801 #1 - ИСТОЧНИК ЗАПИСИ
Страна Российская Федерация
Организация NLR
Дата составления 20030813
852 ## - МЕСТОНАХОЖДЕНИЕ И ШИФР ХРАНЕНИЯ
Идентификатор организации NLR
Шифр хранения (Call Number) 2003-5/4680
942 ## - ДОПОЛНИТЕЛЬНЫЕ ЭЛЕМЕНТЫ ЗАПИСИ (АБИС)
Тип экземпляра АБИС Книга

Нет доступных экземпляров.